000 00504nam a22001817a 4500
999 _c194278
_d194278
005 20221213150449.0
010 _aENG-135843
020 _a9789390961740
_c495.00
035 _aEN-119375
037 _bDBAD
082 _aN
100 _aJindal,Balesh
245 _aThe Reluctant Doctor:
_bStilettos to Stethoscope/
_cBalesh Jindal
260 _aNew Delhi
_bVitasta publishing
_c2022
270 _a2/15,Ansari road, Daryaganj
_bNew Delhi
300 _axv,270p.
_c22cm(pbk)
942 _2ddc
_cEN
_hN
_mJIN